Sondagens (Registo nº 201257)

Detalhes MARC
000 -Etiqueta do registo
Valores 00827nam 22002653 4500
010 ## - Número ISBN
ISBN 972-618-136-4
021 ## - Número do Depósito Legal
Código do país Portugal
Número 98433/96
100 ## - Dados gerais de processamento
Dados gerais 20260313d u||y0pory50 ba
101 ## - Língua de publicação
Língua Português
102 ## - País de publicação
País Portugal
200 ## - Titulo e menção de responsabilidade
Título próprio Sondagens
Informação de outro título A amostragem como factor decisivo de qualidade
Primeira menção de responsabilidade Paula Vicente, Elizabeth Reis e Fátima Ferrão
205 ## - Menção da edição
Edição
210 ## - Publicação
Local de publicação Lisboa
Nome do editor Edições Sílabo
Data de publicação 1996
215 ## - Descrição física 
Paginação / Volumes 238, [2] p. : il.
Outras indicações físicas Brochado
Dimensões 24 cm
606 ## - Nome comum usado como assunto
ID Autoridade 16838
Palavra de ordem Ciências Sociais.
Subdivisão assunto Inquéritos
610 ## - Termos não controlados
Palavra de ordem Sondagens -- Metodologia
675 ## - CDU
Notação 303.4(469)/VIC/SON
Edição PT
Língua por
700 ## - Autor principal (pessoa individual)
ID Autoridade 16839
Apelido Vicente
Nome Paula
701 ## - Co-autor principal (pessoa individual)
ID Autoridade 16841
Apelido Reis
Nome Elizabeth
701 ## - Co-autor principal (pessoa individual)
ID Autoridade 16842
Apelido Ferrão
Nome Fátima
801 ## - Fonte de origem
País PT
Agência BMMN
Regras de catalogação RPC
830 ## - Notas gerais do catalogador
Criado por Carlos Pinto
Data de criação 13-03-2026
Indexado por Carlos Pinto
990 ## - Elementos KOHA
Tipo de documento Livro
Exemplares
Situação do levantamento Biblioteca de origem Código de barras Cota Permissão de empréstimo Tipo de documento Forma de aquisição
  Escola Secundária de Montemor-o-Novo 30550 303.4(469)/VIC/SON   Livro Compra

Powered by Koha